| 000 | 00714nam a2200265Ia 4500 | ||
|---|---|---|---|
| 003 | OSt | ||
| 005 | 20221006150128.0 | ||
| 006 | a|||||r|||| 00| 0 | ||
| 007 | ta | ||
| 008 | 221006b |||||||| |||| 00| 0 jpn d | ||
| 024 | _a17,212 | ||
| 037 |
_bGift, Japan Foundation _cTextual |
||
| 040 |
_aEASL _cEASL _bjpn |
||
| 041 |
_2jpn _ajpn |
||
| 082 | _aO42,6, L7 | ||
| 100 | _aIKEDA Daisaku | ||
| 245 | 0 | _aShiki no gansho | |
| 260 |
_aTokyo _bKabushikikaishachoshoppansha Japan _c1977 |
||
| 300 |
_a222p. _ccm. |
||
| 490 | _v JL | ||
| 650 | _aJL | ||
| 700 |
_a INOUE Y _921461 |
||
| 942 |
_hO42,6, L7 _cTEXL _2CC |
||
| 999 |
_c1085298 _d1085298 |
||